000 00461nam a2200169 i 4500
001 49929
003 ES-MaACL
005 20230906162103.0
007 t|
008 030725s1962 sp ||||1| spa d
100 1 _aCrémer, Victoriano.
_941488
245 1 0 _aTiempo de soledad /
_cVictoriano Crémer.
260 _aOrense :
_bEditora,
_c1962.
300 _a77 p. ;
_c19 cm.
500 _aPremio de Poesía Marina 1961.
852 _aES-MaACL
_jC-22020
_bR.50242
999 _c49929
_d49929